Mort subite : Star academy (2024) Tournée - Statistiques

Statistiques générales
  • Ce quiz a été pris 1 000 fois
    816 depuis la dernière actualisation
  • Le résultat moyen est 8 sur 9
Answers on the Grid
Answers color-coded by a green-red scale on the quiz's grid according to % correct below.
Paul
Franck
Julie
Marine
Ebony
Maureen
Emma
Charles
Noah
Masseo
Marguerite
Ulysse
Maia
Maylis
Thomas
 
Statistiques - réponses
Réponse % Correct
Franck
96%
Charles
95%
Ebony
95%
Marine
95%
Marguerite
94%
Ulysse
94%
Emma
92%
Maia
91%
Maureen
90%
Aucun quiz correspondant
Distribution des résultats
% des personnes avec chaque résultat
Percentile par nombre de réponses
Votre historique - résultats
Vous n’avez pas pris ce quiz depuis la dernière actualisation